[Event "34th olm final"]
[Site "Istanbul"]
[Date "2000.11.10"]
[Round "13.2"]
[White "Klovans, Janis"]
[Black "Nielsen, Peter Heine"]
[Result "0-1"]
[WhiteElo "2466"]
[BlackElo "2580"]
[EventDate "2000.10.28"]
[WhiteTeam "Latvia"]
[BlackTeam "Denmark"]
[Annotator "Finkel,A"]
[PlyCount "70"]

1.e4 e6 2.d4 d5 3.Nc3 Nf6 4.Bg5 dxe4 5.Nxe4 Be7 6.Bxf6 gxf6 7.Nf3 a6
    ( 7...Nd7 8.Qd2?! f5 9.Ng3 h5!? 10.h4 Bd6 11.Rh3 c6 12.Ng5 Nf6 13.Bc4
    Nd5 =+ {Euwe,M-Balla,Z/Bad Pistyan 1922/1/2-1/2 (50)} )
    ( 7...c6?! 8.Qd2 f5 9.Ng3 b6 10.Bc4 Nd7 11.O-O-O Bb7 12.Rhe1 Nf6 13.
    Kb1 Qc7 14.Ne5 +/- {Kozma,J-Fichtl,J/CSR-ch Prague 1953 (37)} )
    ( 7...Qd5?! 8.Bd3 Nd7 9.O-O Nf8 10.c4 Qh5 11.Qd2 Rg8 12.Ng3 Qg4 13.
    Rfe1 Bd7 14.Be4 $36 {Aronson,L-Khanov,K/URS-ch sf 1957/1-0 (49)} )
8.Qd2 {This logical move is,on my opinion,one of the best ways to meet
seven's move of black.}
    ( 8.Bd3 Nd7 9.Qe2 c5
        ( 9...f5 10.Ng3 Nf6 11.O-O-O Qd5 12.Kb1 f4 13.Ne4 Nxe4 14.Bxe4 Qd6
        15.Ne5 += {Toth,A-Dobos,J/Szekszard op 1995} )
    10.dxc5 Qa5+ 11.Qd2 Qxd2+ 12.Nfxd2 Nxc5 13.Nxc5 Bxc5 = {
    Cohn,E-Swiderski,R/Wien 1908 (62)} )
    ( 8.g3 b5 9.Bg2 Bb7 10.Qe2 Bd5 11.Ned2 Nd7 12.O-O O-O 13.Rfd1 Nb6 14.
    c3 Na4 15.Nf1 c6 16.Ne3 += {Glek,I-Volkov,S/4th Open 2000} )
8...b5
    ( 8...f5 9.Ng3 Nd7 10.Nh5
        ( 10.Qh6!? Nf6 11.Bd3 Ng4 12.Qd2 += )
    10...h6!? 11.O-O-O Nf6 12.Nxf6+?!
        ( 12.Nf4 Ne4 13.Qe3 += )
    12...Bxf6 13.Kb1?!
        ( 13.Bc4 b5 14.Bb3 Bb7 15.Qe3 Bd5 16.h3 ~ )
    13...b5 14.g3 Bb7 15.Bg2 Qd6 16.Rhe1 O-O-O 17.Bh1? -/+ {
    Perunovic,M-Antic,D/JUG-ch 55th 2000}
        ( 17.c3 c5 18.Qe3 cxd4 19.cxd4 Be4+ 20.Ka1 Kb8 =+ )
    )
9.O-O-O
    ( 9.Qh6?! Bb7 10.Bd3 Nd7
        ( 10...f5 11.Neg5 Bxf3 12.Nxf3 Bf8 13.Qe3 Qd5 14.O-O Nd7 15.a4 +=
        {Nurkic,S-Muratovic,E/TCh-BIH 1999} )
    11.Ng3
        ( 11.O-O-O f5 12.Neg5 Bxg5+ 13.Nxg5 Qf6 14.Qh5 Qg6 15.Qh4 O-O-O =+
        {Wedberg,T-Nielsen,P/New York op 2000} )
    11...f5 12.Nh5 Bf8 13.Qe3 Nf6 =+ {Sutovskij,E-Morozevich,A/Torneo de
    Pamplona 9th 1998} )
9...Bb7 10.Bd3
    ( 10.Qf4 Nd7 11.Bd3 f5 12.Ned2 Nb6 13.Qh6 Bd5 14.Kb1 Nc4 $132 {
    Borries,B-Klyszcz,M/Dreifluesse op 8th 2000} )
10...Nd7 11.Kb1 Bd5 12.Qh6!
    ( 12.Qe3 c6 13.Nc3 f5 14.Nxd5 cxd5 15.Rhe1 Nf6 16.h3 += )
12...c6 13.Qg7 Rf8 14.Qxh7 f5 15.Nc3!
    ( 15.Ned2 Nf6 16.Qh3 Ng4 17.Rhf1 Bd6 18.Rde1 Qf6 19.Qh5 O-O-O 20.h3
    Rh8 21.Qg5 Rdg8! 22.Qxf6 Nxf6 23.Rg1 Bf4 ~= )
15...Nf6
    ( 15...Bxf3 16.gxf3 Bf6 17.Qh6 Qb6 18.Ne2 += )
16.Qh3 Ng4 17.Rhf1 Bd6 18.Nxd5 cxd5 19.Ne5? {White loses a thread and
manages to ruin his own poitions in couple of moves}
    ( 19.Rde1 Qf6
        ( 19...Kd7 20.g3 +/- )
    20.g3 )
    ( 19.g3!? +/- )
19...Nxe5 20.dxe5 Bxe5 21.Bxf5?!
    ( 21.f4 Bg7 22.g4 Qf6 23.c3 Rh8 24.Qg3 fxg4 25.f5 e5 26.Be2 ~ )
21...Qf6 22.Rfe1 Rh8 23.Qg4 O-O-O
    ( 23...Kf8 24.Qb4+ Kg8 25.Qg4+ Kf8 = )
24.f4 Bc7!
    ( 24...Bxb2?! 25.Bxe6+ Kb8
        ( 25...fxe6 26.Rxe6 Rhg8 27.Rxf6+ Rxg4 28.Kxb2 Rxg2 29.Rxa6 +/- )
    26.Bxd5 Ba1 27.c3 Bxc3 28.Re2 ~ )
25.Bd3 Rdg8 26.Qe2?!
    ( 26.Qf3 Rxh2 27.g3 =+ )
26...Rxh2 27.f5 Rgxg2 28.Qe3 e5 -/+ 29.a4
    ( 29.Qa7 Qc6! )
29...Qc6! 30.Re2 bxa4 31.Rxg2 Rxg2 32.Qa7 d4
    ( 32...e4? 33.Bxa6+
        ( 33.Qxa6+ Qb7 34.Bb5 )
    33...Kd8 34.c4 Qf6 35.Rxd5+ Ke8 36.Qa8+ Ke7 37.Rd7+! Kxd7 38.Bb5+ Kd6
    39.Qd5+ Ke7 40.Qxe4+ = )
33.f6
    ( 33.Bxa6+ Kd8 34.Bd3 Ke7 -+ )
33...Kd7 34.Re1 a3 35.Rxe5??
    ( 35.bxa3 Qxf6 -+ )
35...a2+!
    ( 35...a2+ 36.Kxa2 Qa4+ 37.Kb1 Rg1+ -+ )
0-1

[Event "34th olm final"]
[Site "Istanbul"]
[Date "2000.11.10"]
[Round "13.3"]
[White "Hansen, Sune Berg"]
[Black "Meijers, Viesturs"]
[Result "1/2-1/2"]
[WhiteElo "2556"]
[BlackElo "2464"]
[EventDate "2000.10.28"]
[WhiteTeam "Denmark"]
[BlackTeam "Latvia"]
[PlyCount "83"]

1.e4 e5 2.Nf3 Nf6 3.Nxe5 d6 4.Nf3 Nxe4 5.d4 d5 6.Bd3 Nc6 7.O-O Be7 8.c4
Nb4 9.Be2 O-O 10.Nc3 b6 11.a3 Nxc3 12.bxc3 Nc6 13.cxd5 Qxd5 14.Bf4 Qd8 15.
Bd3 Bb7 16.Re1 Bf6 17.Rc1 Ne7 18.Bg3 Rc8 19.Ne5 g6 20.Qg4 h5 21.Qh3 Re8
22.Nd7 Nd5 23.c4 Bc6 24.Rxe8+ Qxe8 25.Ne5 Ne7 26.Re1 Rd8 27.Bh4 Bd7 28.Qg3
Bxh4 29.Qxh4 Nf5 30.Bxf5 Bxf5 31.f3 Qf8 32.Nc6 Re8 33.Ne7+ Kh7 34.Nxf5
Rxe1+ 35.Qxe1 gxf5 36.Qe3 Qd6 37.g3 a5 38.Kg2 a4 39.Kh3 Kg6 40.Kg2 c6 41.
h4 f6 42.Qe8+ 1/2-1/2

[Event "34th olm final"]
[Site "Istanbul"]
[Date "2000.11.10"]
[Round "13.4"]
[White "Neiksans, Arturs"]
[Black "Schandorff, Lars"]
[Result "1-0"]
[WhiteElo "2355"]
[BlackElo "2524"]
[EventDate "2000.10.28"]
[WhiteTeam "Latvia"]
[BlackTeam "Denmark"]
[PlyCount "69"]

1.e4 c5 2.Nf3 d6 3.d4 cxd4 4.Nxd4 Nf6 5.Nc3 a6 6.Be2 e5 7.Nb3 Be7 8.O-O
O-O 9.Bg5 Nbd7 10.a4 b6 11.Be3 Bb7 12.f3 Qc7 13.Rf2 Rfd8 14.Bf1 Nc5 15.Rd2
Nxb3 16.cxb3 Bc6 17.b4 Bd7 18.Rc1 Qb7 19.b5 a5 20.Bc4 Be6 21.Nd5 Nxd5 22.
Bxd5 Bxd5 23.exd5 Rac8 24.Rc6 Rxc6 25.bxc6 Qc7 26.Qe2 Rb8 27.Qa6 Bd8 28.b4
axb4 29.Rb2 f5 30.Rxb4 Qf7 31.Qc4 Bc7 32.a5 bxa5 33.Rxb8+ Bxb8 34.Qb5 Ba7
35.c7 1-0

[Event "34th olm final"]
[Site "Istanbul"]
[Date "2000.11.12"]
[Round "14.1"]
[White "Topalov, Veselin"]
[Black "Hansen, Curt"]
[Result "1-0"]
[WhiteElo "2707"]
[BlackElo "2620"]
[EventDate "2000.10.28"]
[WhiteTeam "Bulgaria"]
[BlackTeam "Denmark"]
[Annotator "Tsesarsky"]
[PlyCount "131"]

1.Nf3 Nf6 2.c4 e6 3.Nc3 c5 4.g3 Nc6 5.Bg2 d5 6.cxd5 Nxd5 7.O-O Be7 8.d4
O-O 9.Nxd5 exd5 10.dxc5 Bxc5 11.Bg5 Qd7
    ( {Mainlines are:} 11...f6 )
    ( 11...Qb6 )
12.Ne1
    ( {Interesting also} 12.Rc1 Bb6 13.Bd2 Qe7 14.e3 Bf5 15.Bc3 Be4 16.Qa4
    Rac8 17.Rcd1 += {1-0 Miles,A-Podlesnik,B/Nova Gorica 1999/CBM 68 ext
    (51)} )
12...d4 13.Nd3 Bb6 14.a4
    ( 14.Bf3 {see comments to the game 1/2-1/2 Kalinin,A-Atalik,S/Wijk aan
    Zee 1997/CBM 57 (39)[Atalik,S, Tsesarsky,I]} )
    ( 14.Bd2 Qe7 15.Nf4 Be6 16.Qa4 += {1/2-1/2 Kramnik,V-Anand,V/Monte
    Carlo 1995/CBM 46 ext (51)} )
14...Qf5 15.Bd2 Bd7 16.b4 a6 17.Nf4 {Threatening Bh3}
    ( 17.Rb1 += )
    ( 17.Rc1 += )
17...Qe5 18.Nd5 Bd8 19.Bf4 Qe6 20.Re1 {Good preventive move} 20...Qg6 21.
b5 axb5 22.axb5 Rxa1 23.Qxa1 Ne7 24.Qxd4 Bxb5 25.Nxe7+ Bxe7 26.Qe5? = {
Dropping an advantage - based on tactical blunder.}
    ( {Simply to take P by} 26.Bxb7 +/- {was much better - White has
    serious chances to win.} )
26...Bb4 $8 27.Be4 Re8! {This very strong unexpected move was probably
missed by Topalov.}
    ( 27...Qb6 28.Bxh7+! +- )
    ( 27...Bc3 28.Bxg6 Bxe5 29.Bxf7+ +/- )
28.Qxb5
    ( 28.Bxg6 Rxe5 29.Bxe5 Bxe1 30.Be4 Bxe2 31.Bxb7 = )
    ( 28.Qxe8+ Bxe8 29.Bxg6 Bxe1 = )
28...Qxe4 29.f3 Qe7 30.Rc1 h6!?
    ( 30...Ba3 31.Rc7 +/- )
    ( {Equal position after} 30...b6! 31.Qxb6
        ( 31.Rc7 Bc5+ 32.Kh1 Qe6 33.e4 $132 )
    31...g5 32.Rc7 Qxe2 33.Qxb4 Qxf3
        ( 33...gxf4 34.Qxf4 +/- )
    34.Re7 =
        ( 34.Bxg5 Qd1+ 35.Kg2 Re2+ 36.Kh3 Qf1+ 37.Kg4 h5+ 38.Kxh5 Rxh2+ -+
        )
    )
31.Kf1
    ( 31.Rc7 Qxe2 32.Qxe2
        ( {It is very dangerous to take a piece:} 32.Qxb4 Qd1+ 33.Kg2 Re2+
        34.Kh3 Qf1+ 35.Kg4 h5+! 36.Kh4 $8
            ( 36.Kg5 Qxf3 -+ )
        36...Rxh2+ 37.Kg5 Qxf3 38.Rc8+ $8 Kh7 39.Qb1+ $8 g6 40.Re8
            ( 40.Kf6 Qd5 41.Re8 Ra2 42.Qb4 Ra6+ 43.Ke7 Kg7! -+ )
        40...Re2 41.Rxe2 Qxe2 42.Qb6 Qg4+ 43.Kf6 Qf5+ 44.Ke7 h4 45.Qxb7 g5
        ! -/+ )
    32...Rxe2 33.Rxb7 Bc5+ 34.Kh1 g5 35.Bb8 = )
31...g5 32.Bc7 Qe3 33.Rc2 Bf8 34.Kg2
    ( 34.Qxb7? Bc5! )
34...Bg7
    ( 34...Re6? 35.Qxb7 Bc5 36.Kh3 Qg1 37.Qd5 Qf1+ 38.Kg4 Be3 39.Be5! +/-
    )
35.Bb6 Qe6 36.Bf2 Rc8 37.Rd2 Qc6 38.Qf5 Re8
    ( {After} 38...b5 {also Black equalize:} 39.Rd7 Bf6! 40.Bd4 Rd8! 41.
    Rxd8+ Bxd8 42.Qe5 Kf8 = )
39.e4 b5 40.Rd7 Qe6? +/-
    ( {Why not} 40...Bf6! = )
41.Qxb5 g4 42.Qd5 Qxd5
    ( 42...gxf3+ 43.Kxf3 +/- )
43.Rxd5 Re6 44.Be3 Kh7 45.h3 gxf3+ 46.Kxf3 Kg6 47.h4! Bf6? +- {Positional
mistake. Now White wins by force.}
    ( {Necessary was} 47...h5! 48.Rg5+ Kh6 49.g4
        ( 49.Re5+?! Kg6 50.Rxe6+ fxe6 51.g4 hxg4+!
            ( {After} 51...Bf6 52.g5! {seems position of Black is
            hopeless:} 52...Bc3 53.Bf4 Kf7 54.Ke2 Bd4 55.Bg3 Bb6 56.Kd3
            Bg1 57.Kc4 Be3 58.Kb5 {White's plan is to bring K to d7, to
            play g5-g6 and to take Pe6, then to push forward Pe4.} 58...
            Bd4 59.Kc6 Be3 60.Kd7 Bd4 61.g6+ Kxg6 62.Kxe6 Bc3 63.e5 +- )
        52.Kxg4 Bb2 53.h5+ Kf6 54.Bf4 Kg7 {and Black survives} )
    49...hxg4+ 50.Rxg4+ Kh7 51.Rg5 +/- {This position much better for
    Black than position from the game after 59 move.} )
48.h5+ Kg7 49.Bf4 Be7 50.Rb5 Bd8 51.e5 Be7 52.Kg4 Bd8 53.Kf5 Be7 54.Rb7
Bd8 55.Rb8 Ba5 56.Ra8 Bc3 57.Rd8 Bb4 58.g4 Bc5 59.g5 hxg5 60.Bxg5 {
Threatening Bf6+} 60...Be7 61.h6+ Kh7 62.Bxe7 Rxe7 63.Rf8 Kxh6
    ( 63...Ra7 64.Kf6 Ra1 65.Kxf7 Kxh6 66.e6 +- )
64.Kf6 Re6+ 65.Kxf7! Rxe5 66.Kf6 {instructive endgame!} 1-0

[Event "34th olm final"]
[Site "Istanbul"]
[Date "2000.11.12"]
[Round "14.2"]
[White "Nielsen, Peter Heine"]
[Black "Georgiev, Kiril"]
[Result "1-0"]
[WhiteElo "2580"]
[BlackElo "2674"]
[EventDate "2000.10.28"]
[WhiteTeam "Denmark"]
[BlackTeam "Bulgaria"]
[Annotator "Heine Nielsen"]
[PlyCount "83"]

1.d4 {Lutz} 1...Nf6 2.Nf3 d5 {Actually a strange move order as 2 c4 c6 3
Bf4 d5 4 e3 is a bit uncomfortable for black} 3.c4 c6 4.Nc3 e6 5.Bg5 h6 6.
Bh4 dxc4 7.e4 g5 8.Bg3 b5 9.Be2 Bb7 10.h4
    ( 10.e5 {Lutz} 10...Nh5 11.a4 a6 12.Nxg5! Nxg3 13.Nxf7! Kxf7 14.fxg3
    $40 {0-1 Kramnik,V-Anand,V/Belgrade 1997/CBM 62/[Anand] (42)} )
10...g4 11.Ne5 h5 12.O-O Nfd7 {'?!' Lutz. New to me, but it seems it has
been played in Bosboom-Yuneev. It looks highly artificial, but it does
open the d8-h8 diagonal for blacks queen, which gives some tactical
possibilities.}
    ( {Einen solideren Eindruck macht} 12...Nbd7 {Lutz} 13.Qc2 Nxe5 14.
    Bxe5 Bg7 {, was zuletzt einige Male gespielt wurde.} )
13.Nxf7 {'!' Lutz. Surely the most testing move. White sacs a whole
knight, but blacks king is under serious attack, and his queenside
momentarily asleep. Lutz: 'Dieses Springeropfer auf f7 ist nicht
untypisch. Es wird motiviert durch den schlafenden schwarzen Damenfluegel.
In etwas anderer Form geschah dieses Opfer auch in der spannenden Partie
Kramnik,V-Anand,V (Belgrad 1997), s.o..'}
    ( 13.f3 {Looks most logical, however black has} 13...Nxe5 14.Bxe5 Nd7!
    15.Bxh8?
        ( 15.Bg3 )
    15...g3 {Winning immediately.} )
    ( 13.d5 {Is also interesting. during the game i feared} 13...Nxe5 14.
    Bxe5 Qxh4
        ( 14...Rg8 {Seemes best, giving white some compensation, but who
        is better is not clear} 15.a4!?
            ( 15.dxe6 {Dosent seem to give enough} 15...fxe6 16.Qxd8+ Kxd8
            17.Rfd1+ Nd7 18.a4 a6 19.Bg3 Ke8 {And black is pretty solid} )
        15...b4
            ( 15...a6 16.dxc6 Nxc6 {Is best, and again black looks ok} )
        16.Bxc4 bxc3 17.dxe6 fxe6 18.Qb3 {Is too dangerous for black} )
    15.Bxh8 Bd6
        ( 15...Bc5 16.Bd4 )
    16.e5 Bc5 {seeing no defence against g3, but both Bf6 or Ne4 wins on
    the spot}
        ( 16...g3 17.fxg3 Bc5+ 18.Rf2 Qxg3 )
    )
13...Kxf7 14.f3 {Lutz: 'Die Oeffnung der f-Linie ist natuerlich ein
wesentlicher Bestandteil des weissen Angriffs.'} 14...Kg8
    ( 14...gxf3 {Was played by Yuneev, who went quickly under after} 15.
    Bxf3 Kg8 16.e5
        ( 16.Bxh5!? )
    16...Qe8 17.Be4 Be7 18.Rf4 Rh6 19.Qf3 Na6 20.Rf1
        ( 20.Rf1 {Lutz} 20...Nac5 21.dxc5 Bxc5+ 22.Bf2 Bxf2+ 23.Qxf2 Nxe5
        24.Qc5 {1-0 Bosboom,M-Yuneev,A/Wijk aan Zee 2000/CBM 74 ext (24)}
        )
    )
15.fxg4
    ( 15.e5 )
15...e5 {Played quickly, indicating that it might have been preperation.
Its logical preventing white from playing e5 himself, as well as it fights
for squares in the center.} 16.g5 {The idea is to take h5 with bishop, as
well as controlling f6, making sure blacks knights will have their
problems protecting their king Lutz: 'Es ist erstaunlich, wie hilflos
Schwarz ist, obwohl der weisse Angriff eher langsam vorankommt.'}
    ( 16.gxh5 {Also looks tempting, as} 16...exd4
        ( 16...Bg7 {However seems ok for black} )
    17.Bxc4+ bxc4 18.Qg4+ Bg7 19.Qe6+ Kh7 20.Qg6+ Kg8 21.Rf7 {Wins} )
16...exd4
    ( 16...Qb6 17.Bxh5
        ( 17.Bf2 {Is ok too} 17...exd4 18.Bxh5 c5 19.Nd5 Bxd5 20.exd5 Ne5
        21.Bg3 Nbd7 22.Bg4 )
    17...Qxd4+ 18.Kh2 Qxd1 19.Bf7+ Kg7 20.Raxd1 {Seems winning as Be6 is
    next} )
    ( 16...Qe8 17.d5 {Is hard to asses, but I prefer white. a4 is a
    serious threat undermining c4. Black is surely a piece up, but I doubt
    he will be able to defend}
        ( 17.Rf5 exd4 18.Qxd4 )
    )
17.Bxh5 Rh7
    ( 17...dxc3 18.Bf7+ Kg7 19.Qd4+ Nf6 20.Qxc3
        ( 20.gxf6+?! Kxf7 21.Qxd8? Bc5+! -+ )
    20...Kxf7
        ( 20...Bc5+ 21.Bf2 Kxf7 22.Bxc5 Nd7 23.Bd4
            ( 23.Rad1 Qe8 24.Rxd7+ Qxd7 25.Qxf6+ Kg8 26.Qg6+ Qg7 27.Qe6+
            Kh7 28.Rf7 +- )
        23...Rh7 24.Bxf6 Nxf6 25.Rxf6+ Kg8 26.Rg6+ Kf7 27.h5 Qb6+ 28.Kf1
        Rf8 29.Rf6+ Kg8 30.g6 {Is a nice product of Fritz, which seems
        winning for white} )
    21.Rxf6+ Kg8
        ( 21...Ke8 22.Re6+ Kf7 23.Rf1+ Kxe6 24.Qe5+ Kd7 25.Qf5+ Ke7 26.
        Qf7# )
    22.Rg6+ Kh7
        ( 22...Kf7 {Lutz} 23.Qf3+ Ke8
            ( 23...Kxg6 24.Qf5+ Kg7
                ( 24...Kh5 25.Qf7+ Kg4 26.Qf3# )
            25.Be5+ Kg8 26.Qg6+ )
        24.Re6+ Be7 25.Rf1 {Mit der Idee 26.Df7+ Kd7 27.Td1+.} 25...Qd4+
        26.Rf2 Rh7 27.g6 Rg7 28.Be5 +- )
    23.Qf3 {And again white crashes through} )
18.Bg6 Qe7
    ( 18...Rg7 19.Qh5 Qe7 20.e5 {'!' Lutz.}
        ( 20.Ne2 c5 21.Nf4 Ne5 22.Bf5 {Is simple and good, but not too
        speculative} )
        ( 20.Rf3! {Lutz} 20...dxc3 21.Raf1 {und die Drohung 22.Lf7+ ist
        toedlich, z.B.} 21...Qe6 22.Bf7+ Rxf7 23.Rxf7 Bg7
            ( 23...Bc5+ 24.Kh1 Nf8 25.Be5 Qxe5 26.Rxf8+ Bxf8 27.Qf7+ Kh8
            28.Qxf8+ Kh7 29.Qh6+ Kg8 30.Rf8# )
        24.g6 {nebst Matt auf h7.} )
    20...dxc3 21.Rae1 {Is much more fun. White sacs more material, but
    seems to win by a direct assault} 21...Rxg6
        ( 21...Qe6 22.Rf6 Nxf6
            ( 22...Qd5 23.e6 Nxf6 24.Bf7+ Rxf7 25.Qxf7+ Kh8 )
        23.exf6 )
    22.Qxg6+ Bg7
        ( 22...Qg7 23.Qe6+ Kh8 24.Rf7 Bc5+ 25.Kh1 Nf8 26.Qf5 )
    23.e6 )
    ( 18...dxc3 {Lutz} 19.Bxh7+ Kxh7 20.Qh5+ Kg8 21.Qg6+ Bg7 22.Rf7 +- )
19.Bd6 {'!' Lutz.} 19...Qg7
    ( 19...Qxd6 20.Bxh7+ Kxh7 21.Qh5+ Kg8 22.g6 Qe7 23.Rf7 {Wins allthough
    fritz finds an amazing idea to fight a bit !} 23...Nf6
        ( 23...Qxf7 {Lutz} 24.gxf7+ Kg7 25.Rf1 +- )
    24.Rxf6 Nd7 25.Rf7 Nf6 26.Rxf6 dxc3 {As Rxf8 now is answered by Rxf8
    black can take on c3, but} 27.e5 cxb2 28.Raf1 {Does win easily} )
20.Bxh7+ Qxh7 21.Qg4
    ( 21.Bxf8 {Seems good too} )
    ( 21.Qxd4 c5 22.Qd2 Bg7 {Is not too clear though} )
21...Qg6
    ( 21...Bxd6 22.Qe6+ Kh8 23.Rf7 {'+-' Lutz. Wins} )
22.Bxf8 Ne5
    ( 22...Nxf8 {Looks as the critacal reply, but white wins by force} 23.
    Rxf8+
        ( 23.Ne2!? {(Lutz) sieht gut aus, z.B.} 23...c5 24.Nf4 Qxe4
            ( 24...Qh7 25.g6 $40 )
        25.Rae1 Qh7 26.Nh5 Nbd7 27.Rxf8+ Rxf8 28.g6 Qh6 29.Qe6+ Kh8 30.g7+
        Kh7 31.gxf8=N+ Nxf8 32.Qf7+ Kh8 33.Re8 +- )
    23...Kxf8 24.Rf1+ Ke7
        ( 24...Kg8 25.Rf6 Qe8 26.Qf5 )
        ( 24...Kg7 25.Rf6 Qe8 26.Rh6 Bc8
            ( 26...Nd7 27.Qf5 )
        27.Qf4 Qe7
            ( 27...Nd7 28.Qf5 )
        28.g6 )
        ( 24...Ke8 25.h5 Qg8 26.g6 )
    25.Rf6
        ( 25.h5 )
    25...Qg8 26.Qf4
        ( 26.Qf5 Nd7 )
    26...Nd7
        ( 26...Bc8 27.Qd6+ Ke8 28.Qxd4 )
    27.Qd6+ Kd8
        ( 27...Ke8 28.Re6+ Kd8 29.Re7 Bc8 30.Ne2 )
    28.e5 Kc8 29.Rf2
        ( 29.e6 Nxf6 30.gxf6 Qd8 31.Qe5 Qc7 32.Qxd4 )
    29...dxc3 30.e6 cxb2 31.Qxd7+ Kb8 32.Qd6+ Kc8 33.e7 b1=Q+ 34.Kh2 {Wins
    again} )
    ( 22...dxc3 23.h5 Qe8 24.g6
        ( 24.Bd6 cxb2 )
    24...cxb2
        ( 24...Nxf8 25.g7 Nh7
            ( 25...Ne6 26.h6 Nd7 27.Rf5 Kh7 28.Rf8 Qxf8 29.gxf8=N+ Ndxf8
            30.bxc3 )
        26.h6 Qe7 27.Rad1 Na6 28.Rd7 )
    25.h6 {Isnt that funny for black. I all lines his King is simply too
    weak} )
23.Qh3 Nbd7 {Lutz: 'Schwarz setzt auf Beendigung seiner Entwicklung, aber
es ist bereits zu spaet.'}
    ( 23...dxc3 24.h5 Qe8 25.bxc3 {Is winning easily} )
24.Be7 {'+-' Lutz.}
    ( 24.h5 Qe8 25.Bd6 dxc3 26.bxc3 {Wins too} )
24...Re8
    ( 24...dxc3 25.h5 Qe8
        ( 25...Qg7 {Lutz} 26.Bf6 Nxf6 27.gxf6 Qg4 28.f7+ Kf8 29.Qxc3 Nxf7
        30.h6 Qg5 31.Rf5 Qxh6 32.Raf1 +- )
        ( 25...Qxe4 26.Qe6+ Kh8 27.Bf6+ )
    26.Qe6+ Kh7 27.Qh6+ Kg8 28.Bf6 )
25.h5 Qg7 26.Bf6 Nxf6 27.gxf6 Qf7 28.Rf5 {The rest is without interest.
White just haves an attack, as well as material edge} 28...Kh7 29.Qg3 dxc3
{Lutz: 'Endlich ist dieser Springer gefallen, nachdem er 13 Zuege lang
hing. Aber die schwarze Stellung ist hinueber.'} 30.Rxe5 cxb2 31.Rf1 Rxe5
32.Qxe5 Bc8 33.Qxb2 Be6 34.Qe5 b4 35.Rf3
    ( 35.Qxe6 {Wins as well} )
35...c3 36.Rg3 c2 37.Qf4 c1=Q+ 38.Qxc1 Qxh5 39.Rg5 Qh4 40.g3 Qh3 41.Rg7+
Kh8 42.Qg5 {Lutz: 'Eine stark vorgetragene Partie von Peter Heine Nielsen,
die das Potential des Gambits 6.Bh4 sehr schoen verdeutlicht.'} 1-0